000 00789nam a22002777a 4500
001 BR7575154
003 BR-BrBNA
005 20230928084851.0
007 ta
008 230509b bl.||||| |||| 00| 0 por d
040 _aBR-BrBNA
_bpor
_cBiblioteca Nacional de Agricultura
041 _a(Por)
072 _aE30; F00; E10
_b3575
_b/G514
090 _ 3575 BR7575154
110 1 _aPlano Nacional de Sementes, Brasilia, DF (Brasil)
_97823
245 1 _aPrograma de sementes do estado de Sergipe [Producao; Semente melhorada; Brasil]
260 3 _aBrasilia, DF (Brasil):
_c1974.
300 _a34 p.
500 _aNumerical data
650 _aSEMENTE
650 _aSERGIPE
650 _aPROJETO AGRICOLA
650 _aCUSTO
909 _a202309
_bLucia
_c55
_dLucia Elande
942 _cBK
999 _c21561
_d21561